South Eastern Kenya University

Library Online Public Access Catalogue


Society in focus : (Record no. 9130)

MARC details
000 -LEADER
fixed length control field 00738cam a2200241 a 4500
001 - CONTROL NUMBER
control field 12484275
003 - CONTROL NUMBER IDENTIFIER
control field OSt
005 - DATE AND TIME OF LATEST TRANSACTION
control field 20150923111357.0
008 - FIXED-LENGTH DATA ELEMENTS--GENERAL INFORMATION
fixed length control field 010727s2002 mauab b 001 0 eng
010 ## - LIBRARY OF CONGRESS CONTROL NUMBER
LC control number 2001046387
020 ## - INTERNATIONAL STANDARD BOOK NUMBER
International Standard Book Number 0205342574
040 ## - CATALOGING SOURCE
Original cataloging agency SEKU
050 00 - LIBRARY OF CONGRESS CALL NUMBER
Classification number HM 586
Item number .T4 2002
100 1# - MAIN ENTRY--PERSONAL NAME
Personal name Thompson, William E.
Fuller form of name (William Edwin),
Dates associated with a name 1950-
245 10 - TITLE STATEMENT
Title Society in focus :
Remainder of title an introduction to sociology
Statement of responsibility, etc. William E. Thompson, Joseph V. Hickey.
250 ## - EDITION STATEMENT
Edition statement 4th ed.
260 ## - PUBLICATION, DISTRIBUTION, ETC. (IMPRINT)
Place of publication, distribution, etc. Boston :
Name of publisher, distributor, etc. Allyn and Bacon,
Date of publication, distribution, etc. c2002.
300 ## - PHYSICAL DESCRIPTION
Extent xxiv, 598 p. :
Other physical details col. ill., col. maps ;
Dimensions 28 cm.
504 ## - BIBLIOGRAPHY, ETC. NOTE
Bibliography, etc Includes bibliographical references and indexes.
650 #0 - SUBJECT ADDED ENTRY--TOPICAL TERM
Topical term or geographic name as entry element Sociology.
700 1# - ADDED ENTRY--PERSONAL NAME
Personal name Hickey, Joseph V.
942 ## - ADDED ENTRY ELEMENTS (KOHA)
Source of classification or shelving scheme Library of Congress Classification
Koha item type General circulation
Holdings
Withdrawn status Lost status Source of classification or shelving scheme Damaged status Not for loan Home library Current library Shelving location Date acquired Source of acquisition Total Checkouts Full call number Barcode Date last seen Date last checked out Price effective from Koha item type
    Library of Congress Classification     Kitui Town Campus Library Kitui Town Campus Library General Stacks 23/09/2015 Donation-Books for Africa 2 HM 586 .T4 2002 2015/007975 20/05/2022 09/04/2022 23/09/2015 General circulation
Kitui, Kenya.
+254736116989
library@seku.ac.ke